Sports Quiz

Random Sports or Soccer Quiz

Arsenal Top 3 Scorers by Season Quiz Stats

 Plays Quiz Updated May 14, 2018

Score 0/89 Timer 10:00
8 Plays Today
Season Player % Correct
1999-00Thierry Henry
97.9%
2000-01Thierry Henry
97.9%
2001-02Thierry Henry
97.9%
2002-03Thierry Henry
97.9%
2003-04Thierry Henry
97.9%
2004-05Thierry Henry
97.9%
2005-06Thierry Henry
97.9%
2006-07Thierry Henry
97.9%
2018-19Alexandre Lacazette
95.1%
2014-15Alexis Sánchez
91.9%
2015-16Alexis Sánchez
91.9%
2016-17Alexis Sánchez
91.9%
2018-19Pierre-Emerick Aubameyang
91.8%
2012-13Olivier Giroud
91.4%
2013-14Olivier Giroud
91.4%
2014-15Olivier Giroud
91.4%
2015-16Olivier Giroud
91.4%
2016-17Olivier Giroud
91.4%
1995-96Dennis Bergkamp
91%
1996-97Dennis Bergkamp
91%
1997-98Dennis Bergkamp
91%
1998-99Dennis Bergkamp
91%
2003-04Dennis Bergkamp
91%
2005-06Robin van Persie
90.6%
2006-07Robin van Persie
90.6%
2007-08Robin van Persie
90.6%
2008-09Robin van Persie
90.6%
2009-10Robin van Persie
90.6%
2010-11Robin van Persie
90.3%
2017-18Alexandre Lacazette
90.2%
Season Player % Correct
2011-12Robin van Persie
90.2%
2017-18Aaron Ramsey
86.4%
2002-03Robert Pires
84.8%
2003-04Robert Pires
84.8%
2004-05Robert Pires
84.8%
2005-06Robert Pires
84.8%
2015-16Mesut Özil
84.6%
2010-11Theo Walcott
83.5%
2011-12Theo Walcott
83.4%
2012-13Theo Walcott
82.8%
2016-17Theo Walcott
82.8%
1992-93Ian Wright
81.6%
1993-94Ian Wright
81.6%
1994-95Ian Wright
81.6%
1995-96Ian Wright
81.6%
1996-97Ian Wright
81.6%
1997-98Ian Wright
81.6%
2017-18Pierre-Emerick Aubameyang
81.4%
2013-14Aaron Ramsey
77.4%
2007-08Cesc Fabregas
72.6%
2009-10Cesc Fabregas
72.6%
2007-08Emmanuel Adebayor
70.3%
2008-09Emmanuel Adebayor
70.3%
2000-01Fredrik Ljungberg
69.3%
2001-02Fredrik Ljungberg
69.3%
2003-04Fredrik Ljungberg
69.3%
2004-05Fredrik Ljungberg
69.3%
2000-01Sylvain Wiltord
60.4%
2001-02Sylvain Wiltord
60.4%
2002-03Sylvain Wiltord
60.4%
Season Player % Correct
1998-99Nicolas Anelka
59.9%
1997-98Marc Overmars
58.4%
1998-99Marc Overmars
58.4%
2018-19Henrikh Mkhitaryan
55.6%
2009-10Andrey Arshavin
53.2%
1998-99Kanu
52.3%
1999-00Kanu
52.3%
2012-13Santi Cazorla
50.2%
2014-15Santi Cazorla
50.2%
1998-99Ray Parlour
49.9%
2010-11Samir Nasri
49.3%
1992-93Kevin Campbell
46.7%
1993-94Kevin Campbell
46.7%
1994-95Kevin Campbell
46.7%
2008-09Nicklas Bendtner
44.2%
2003-04Gilberto Silva
42.8%
2006-07Gilberto Silva
42.8%
2005-06José Antonio Reyes
42.7%
1992-93Paul Merson
41.8%
1993-94Paul Merson
41.8%
1994-95Paul Merson
41.8%
1996-97Paul Merson
41.8%
2013-14Lukas Podolski
36.9%
2012-13Lukas Podolski
36.9%
2011-12Mikel Arteta
33.1%
1994-95John Hartson
22.1%
1995-96David Platt
21.4%
1999-00Davor Suker
19.4%
2011-12Thomas Vermaelen
19.3%

You're not logged in!

Compare scores with friends on all Sporcle quizzes.
OR
Log In

You Might Also Like...

Show Comments

Extras

Top Quizzes Today


Score Distribution

Your Account Isn't Verified!

In order to create a playlist on Sporcle, you need to verify the email address you used during registration. Go to your Sporcle Settings to finish the process.

Report this User

Report this user for behavior that violates our Community Guidelines.

Details: